000 00809nam a22002417a 4500
003 UA-OsUOA
001 37744
007 ta
008 20060405b un ||||| |||| 00| 0 ukr d
100 _aНедюха М. П.
090 _a321.01(4)
_b321.01(4)
942 _cBK
040 _aUA-OsUOA
_bukr
_cUA-OsUOA
_dUA-OsUOA
245 _aСистемний аналіз історичних типів європейської ідеології
300 _a195 с.
955 _a2
041 _aukr
080 _a321.01(4)
020 _a966-7257-91-6
260 _aІрпінь
_bАкадемія державної податкової служби
_c2001
650 7 _a321 Форми політичних організацій. Держави як політичні влади
_2UDC
999 _c323918
_d323918